| 000 | 00881nam a2200301 a 4500 | ||
|---|---|---|---|
| 001 | 000112153 | ||
| 003 | CHAP | ||
| 005 | 20220329144248.0 | ||
| 008 | 151209s2015 it a |r| ||||||eng d | ||
| 010 | _a108614 | ||
| 011 | _a109586 | ||
| 020 | _a9789251084410 | ||
| 040 | _cCHAP | ||
| 082 | 0 | 4 |
_a551.6 _bF21y |
| 245 | 0 |
_aCoping with climate change : _bthe roles of genetic resources for food and agriculture / _cpor FAO. |
|
| 260 |
_aRoma : _bFAO, _c2015. |
||
| 300 |
_axvii, 110 p. : _bil. |
||
| 590 |
_aE11695DGD _b10 _c20160120 _lUCH01 _h0829 |
||
| 590 |
_aE5995AHE _b05 _c20151209 _lUCH01 _h0818 |
||
| 590 |
_aE5995AHE _b05 _c20151209 _lUCH01 _h1226 |
||
| 650 | 1 | 4 |
_aCambios climáticos. _917792 |
| 650 | 1 | 4 |
_aCultivos y clima. _930392 |
| 650 | 1 | 4 |
_aRecursos genéticos. _995078 |
| 650 | 1 | 4 |
_aSeguridad alimentaria. _9103673 |
| 901 | _aBK | ||
| 942 | _cLIBRO | ||
| 942 | _n0 | ||
| 999 |
_c108614 _d108614 |
||